Handbook on information technologies for education and training

Αποθηκεύτηκε σε:
Λεπτομέρειες βιβλιογραφικής εγγραφής
Άλλοι συγγραφείς: Adelsberger, Heimo H. (Επιμελητής έκδοσης), Collis, Betty (Επιμελητής έκδοσης), Pawlowski, Jan M. (Επιμελητής έκδοσης)
Μορφή: Βιβλίο
Γλώσσα:English
Δημοσίευση: New York : Springer, c2002
Σειρά:International handbooks on information systems
Θέματα:
Ετικέτες: Προσθήκη ετικέτας
Δεν υπάρχουν, Καταχωρήστε ετικέτα πρώτοι!

MARC

LEADER 00000nam a2200000 i 4500
001 1/77709
008 050531s2002 eng d
020 |a 3-540-67803-4 
035 |l 10078312 
040 |a GR-MY-UA  |b gre  |e aacr 
041 0 |a eng 
082 0 |a 371.334  |2 (21) 
245 1 0 |a Handbook on information technologies for education and training /  |c Heimo H. Adelsberger, Betty Collis, Jan M. Pawlowski (Eds.) 
260 |a New York :   |b Springer,   |c c2002 
300 |a xv, 688 σ.;  |b εικ.;  |c 25 εκ. 
490 1 |a International handbooks on information systems 
504 |a Περιέχει βιβλιογραφία και ευρετήριο 
650 0 0 |a Educational technology  |x Handbooks, manuals, etc. 
650 0 0 |a Information technology  |x Handbooks, manuals, etc. 
700 1 |a Adelsberger, Heimo H.  |4 edt 
700 1 |a Collis, Betty.  |4 edt 
700 1 |a Pawlowski, Jan M.  |4 edt 
830 0 |a International handbooks on information systems 
852 |a INST  |b LESVOS  |e 20050531  |h 371.334 HAN  |p 005100032104  |q 005100032104  |t BK  |y 0 
901 |a BIBL1-2005-2 
909 |a Λ  |b 113846 
920 |a ΔΙΕΥΡΥΝΣΗ  |b ΕΠΕΑΕΚ-ΠΤΕ  |y ΛΕΣΒΟΣ  |z 2004-10 
970 |a ΚΑΡΑ  |b ΓΙΑΣΕΜΗ  |z 2005/05/31